Mental health and social policy : the emergence of managed care

Αποθηκεύτηκε σε:
Λεπτομέρειες βιβλιογραφικής εγγραφής
Κύριος συγγραφέας: Mechanic, David 1936-
Μορφή: Βιβλίο
Γλώσσα:English
Δημοσίευση: Boston : Allyn and Bacon, 1999
Θέματα:
Ετικέτες: Προσθήκη ετικέτας
Δεν υπάρχουν, Καταχωρήστε ετικέτα πρώτοι!

MARC

LEADER 00000nam a2200000 i 4500
001 1/74165
008 050323s1999 eng d
020 |a 0-205-26993-1 
035 |l 10077303 
040 |a GR-MY-UA  |b gre  |e aacr 
041 0 |a eng 
082 0 |a 362.20942  |2 (21) 
100 1 |a Mechanic, David  |d 1936- 
245 1 0 |a Mental health and social policy :  |b the emergence of managed care /  |c David Mechanic 
260 |a Boston :   |b Allyn and Bacon,   |c 1999 
300 |a xiii, 289 σ.;  |c 24 εκ. 
504 |a Περιέχει βιβλιογραφικές παραπομπές και ευρετήριο 
650 0 0 |a Mental health services  |z United States. 
650 0 0 |a Mental health policy  |z United States. 
852 |a INST  |b LESVOS  |e 20050323  |h 362.20942 MEC  |p 005100030014  |q 005100030014  |t BK  |y 0 
901 |a BIBL1-2005-1 
909 |a Λ  |b 115022 
920 |a ΔΙΕΥΡΥΝΣΗ  |b ΕΠΕΑΕΚ-ΤΚ  |y ΛΕΣΒΟΣ  |z 2004-10 
970 |a ΜΑΡΙΝΑΤΟΥ  |b ΜΥΡΣΙΝΗ  |z 2005/03/23